Právní předpisy ve vodním hospodářství učební texty

Na minha lista:
Detalhes bibliográficos
Formato: Livro
Idioma:tcheco
Publicado em: Praha Dům techniky ČSVTS 1984
Tags: Adicionar Tag
Sem tags, seja o primeiro a adicionar uma tag!

MARC

LEADER 00000nam a2200000 4500
001 c108884
005 20180115122537.4
041 0 |a cze 
044 |a CZ 
245 1 0 |a Právní předpisy ve vodním hospodářství  |b učební texty 
264 1 |a Praha  |b Dům techniky ČSVTS  |c 1984 
300 |a 207 s.